Engineering meteorology : fundamentals of meteorology and their application to problems in environmental and civil engineering

Αποθηκεύτηκε σε:
Λεπτομέρειες βιβλιογραφικής εγγραφής
Άλλοι συγγραφείς: Plate, Erich J. (Επιμελητής έκδοσης)
Μορφή: Βιβλίο
Γλώσσα:English
Δημοσίευση: Amsterdam : Elsevier Scientific, 1982
Σειρά:Studies in wind engineering and industrial aerodynamics ; ; 1
Θέματα:
Ετικέτες: Προσθήκη ετικέτας
Δεν υπάρχουν, Καταχωρήστε ετικέτα πρώτοι!

MARC

LEADER 00000pam a2200000 i 4500
001 1/90203
008 970418s1982 eng d
020 |a 0-444-41972-1 
035 |l 10007430 
040 |a GR-MY-UA  |b gre  |e aacr 
041 0 |a eng 
082 0 |a 620.0015515 
245 1 0 |a Engineering meteorology :  |b fundamentals of meteorology and their application to problems in environmental and civil engineering /  |c Edited by Erich J. Plate 
260 |a Amsterdam :   |b Elsevier Scientific,   |c 1982 
300 |a xxxi, 740 p.;  |c 25 cm 
490 1 |a Studies in wind engineering and industrial aerodynamics  |v ; 1 
504 |a Includes bibliographical references and index 
650 0 0 |a Engineering meteorology. 
650 0 0 |a Meteorology. 
700 1 |a Plate, Erich J.  |4 edt 
830 0 |a Studies in wind engineering and industrial aerodynamics ;  |v ; 1 
852 |a INST  |b LESVOS  |e 19970418  |h 620.0015515 ENG  |p 005100008584  |q 005100008584  |t BK  |y 0 
909 |a Λ  |b 011993